000
00216 a2200097 4500
001
29741
100
_a
A S M
245
_a
Source book on materials selection (Vol-II)
260
_a
_b
A S M
_c
090
_c
19759
_d
19759
942
_a
NUST-CAE
_c
M
_c
10845
999
_c
264814
_d
264814